00630nam a2200217 a 450000100060000000300080000600500170001400800410003103500190007204000280009104100080011908200200012710000400014724500480018725000120023526000560024730000340030350000310033750000200036865000240038851008BD-RjUL20211209075610.0160829s1945 nyua 001 0 eng d a(BD-RjUL)51128 aPITcMIAdPITdEQObeng aeng a516.3bMIA 19451 aMiddlemiss, Ross R.q(Ross Raymond)10aAnalytic geometry /cby Ross R. Middlemiss. a1st ed. aNew York ;aLondon :bMcGraw-Hill Book Co.,cc1945. avii, 306 p. :bill. ;c24 cm. a"Answers": (p. [299]-306). aIncludes index. 0aGeometry, Analytic.